| 000 | 00252nam a22001217a 4500 | ||
|---|---|---|---|
| 999 |
_c23171 _d23171 |
||
| 003 | Nust | ||
| 005 | 20170410155716.0 | ||
| 008 | 170320b xxu||||| |||| 00| 0 eng d | ||
| 020 | _a812970403X | ||
| 040 |
_aDLC _bDLC _cRCMS |
||
| 082 | _a621.39 LEU | ||
| 100 | _a LEUNG BOSCO | ||
| 245 | _aVLSI FOR WIRELESS COMMUNICATION | ||
| 260 |
_aINDIA _bPEARSON _cc2002 |
||
| 300 |
_axviii,366 p : _bill: _c26,cm. |
||
| 538 | _iShelf # 15, Row # 1, Communication. | ||
| 650 | _aIntegrated circuits -- Very large scale integration -- Design and construction. Wireless communication systems -- Design and construction. Radio circuits -- Design and construction. | ||
| 856 | _3Table of Content Only | ||
| 942 |
_cBK _2ddc _k621.39 LEU |
||